|
|
|
|
| LEADER |
00568cam a2200169ua 4500 |
| 008 |
110613t2007||||||||||| 00 ||||| c |
| 082 |
|
|
|a 332.109 176 7
|b HAN
|
| 245 |
1 |
0 |
|a Handbook of islamic banking /
|
| 260 |
|
|
|a Cheltenham:
|b Edward Elgar,
|c 2007.
|
| 300 |
|
|
|a 443p..
|
| 362 |
1 |
|
|a 2007.
|
| 650 |
|
|
|a Islamic banking-Handbook, manuals etc
|
| 650 |
0 |
|
|a Banking
|
| 650 |
0 |
|
|a Economics
|
| 942 |
|
|
|c BK
|
| 999 |
|
|
|c 25871
|d 25871
|
| 952 |
|
|
|0 0
|1 0
|4 0
|6 332_109000000000000_176_7_HA
|7 0
|9 27593
|a KUCL
|b KUCL
|d 2014-05-23
|l 17
|m 10
|o 332.109 176 7 HA
|p 26503
|r 2017-12-15
|s 2017-11-21
|w 2014-05-23
|y BK
|